| 000 | 00878nas a2200301 4500 | ||
|---|---|---|---|
| 001 | BR2014003768 | ||
| 003 | BR-BrBNA | ||
| 005 | 20231205124146.0 | ||
| 007 | ta | ||
| 008 | 230509b bl.|||p| |||| 00| 00por d | ||
| 040 |
_aBR-BrBNA _bpor _cBiblioteca Nacional de Agricultura |
||
| 041 | _a(En) | ||
| 072 | _aL02 | ||
| 100 | 1 | _aSheng-Qiu, T. | |
| 100 | 1 | _aXiau-Ying, D. | |
| 100 | 1 | _aChun-Mei, J. | |
| 100 | 1 | _aJing-jing, P. | |
| 100 | 1 | _aShan-shan, L. | |
| 100 | 1 | _aJin-ding, C. | |
| 245 | 1 | _aEffect of Bacillus subtilis natto on growth performance in muscovy ducks | |
| 650 | _aPATO | ||
| 650 | _aBACTERIA | ||
| 650 | _aCRESCIMENTO | ||
| 650 | _aPERFORMANCE | ||
| 773 | 0 |
_tBrazilian Journal of Poultry Science (Brazil) _xISSN 1516-635X _g(Jul-Sep 2013), v. 15(3) p. 191-197 _wBR2014003768 |
|
| 909 |
_a202311 _bLúcia _c55 _dLúcia Elande |
||
| 942 |
_2AGRIS _n0 _cANA |
||
| 999 |
_c237597 _d237597 |
||